| 000 | 00391nam a2200145Ia 4500 | ||
|---|---|---|---|
| 008 | 150201s1998 xx 000 0 und d | ||
| 082 |
_a617.6 _bC1988G |
||
| 100 | _aGRABER GEORGE | ||
| 245 | _aCOLOUR ATLAS OF DENTAL MEDICINE-2: REMOVABLE PARTIAL DENTURE | ||
| 250 | _a1ST | ||
| 260 |
_bTHIENE PUBLICATION _aNEW YORK _c1998 |
||
| 300 | _a1-216 | ||
| 650 | _aPROSTHODONTICS | ||
| 942 |
_2ddc _cBK |
||
| 999 |
_c3457 _d3457 |
||